000 00769nab a2200241 u 4500
001 10730
003 HDC
007 cr bn ---aaaaa
008 210205c20100112my dr|nes 0 a may d
040 _aHDC
245 0 _aHigh-tech methods in business
260 _a[No place] :
_b[publisher not identified],
_c2010
336 _atext
_2rdacontent
337 _acomputer
_2rdamedia
338 _aonline resource
_2rdacarrier
650 _aBusiness
_9207
650 _aHealth supplement
_95184
650 _aHigh technology
_910975
856 _zRequest full-text at [email protected]
942 _2lcc
942 _cNEWS
942 _kNWSC 003923
999 _c8053
_d8053